000 00571nam a2200157 4500
999 _c14530
_d14530
008 191002b ||||| |||| 00| 0 eng d
022 _a01559982
082 _aDPer 657.05 Ac172 Mar 2012-Sept 2015 v. 36-39.
100 _940148
_aMcCartney, Sean.
245 _aAccounting for producer needs:
_bthe case of Britain's rail infrastructure/
_cSean McCartney.
260 _aAmsterdam:
_bElsevier Ltd,
_c©Mar 2012-Sept 2015.
300 _av39 i2, pages 109-120:
_billustrations;
_c27 cm.
650 _aAccounting.
_941762
700 _940149
_aStittle, John.
942 _2ddc
_cPER